| 000 -LEADER |
| fixed length control field |
00588nam a22001937a 4500 |
| 008 - FIXED-LENGTH DATA ELEMENTS--GENERAL INFORMATION |
| fixed length control field |
131004b xxu||||| |||| 00| 0 ger d |
| 020 ## - INTERNATIONAL STANDARD BOOK NUMBER |
| International Standard Book Number |
3411031891 |
| 041 0# - LANGUAGE CODE |
| Language code of text/sound track or separate title |
ger |
| 080 ## - UNIVERSAL DECIMAL CLASSIFICATION NUMBER |
| Universal Decimal Classification number |
004.2 |
| 100 1# - Rafti |
| Rafti |
Bode, Arndt |
| 245 10 - TITLE STATEMENT |
| Title |
Risc-architekturen : |
| Statement of responsibility, etc |
Arndt Bode |
| 260 ## - |
| -- |
Mannheim ; |
| -- |
Wien ; |
| -- |
BI - Wissenschaftsverlag |
| -- |
1988 |
| 300 ## - |
| -- |
341 f. : |
| -- |
me il. ; |
| -- |
21 cm. |
| 500 ## - |
| -- |
Vorwort : f. [13]-15 |
| 650 #0 - |
| -- |
Softuer kompjuteri |
| 650 #0 - |
| -- |
Kompjutera |
| 650 #0 - |
| -- |
Arkitektura e komjuterëve |
| 942 ## - ADDED ENTRY ELEMENTS (KOHA) |
| Source of classification or shelving scheme |
|
| Item type |
Books |